| 000 | 01229cam a2200313 i 4500 | ||
|---|---|---|---|
| 001 | 768714001 | ||
| 003 | CO-MdFUSB | ||
| 005 | 20240527152237.0 | ||
| 007 | ta | ||
| 008 | 240525t1969 spa||||| |||| 00| 0 spa d | ||
| 020 | _a0-85151-409-X | ||
| 040 | _cCO-MdFUSB | ||
| 041 | 0 | _aspa | |
| 082 | 0 | 4 |
_224 _a233 _bM1495v |
| 100 | 1 |
_aMachen, J. Gresham (John Gresman) (1881-1937) _eautor |
|
| 245 | 1 | 0 |
_aVisión cristiana del hombre / _cJ. Gresham Machen ; traducido por José María Blanch |
| 264 | 1 |
_bEl Estandarte de la Verdad, _aEdinburgo : _c[1969] |
|
| 264 | 4 | _c©1969 | |
| 300 |
_a257 páginas _c; 19 cm |
||
| 336 |
_atexto _btxt _2rdacontent |
||
| 337 |
_2rdamedia _asin mediación _bn |
||
| 338 |
_2rdacarrier _avolumen _bnc |
||
| 505 | _aEl hombre fue creado por Dios, a su imagen, para su Gloria. Esta verdad, con todas sus implicaciones, constituye el tema de la popular presentación de Gresham Machen en Visión Cristiana del Hombre. Explica, tanto a cristianos como a no cristianos, de qué manera la Biblia es como un espejo que nos muestra lo que somos. | ||
| 563 | _aRústico | ||
| 650 | 0 |
_aAntropología _94 |
|
| 700 |
_aBlanch, José María, _98120 _etraductor |
||
| 942 | _cBK | ||
| 945 | _aMiguel Ángel | ||
| 999 |
_c42826 _d42826 |
||